000
00267nam a2200109Ia 4500
008
220204s9999 xx 000 0 und d
082
_a
077
_b
AKE
100
_a
Akeret, Robert V
245
0
_a
Photo analysis
260
_a
New York
_b
Simon and Schuster
_c
1973
942
_c
BK
999
_c
32084
_d
32084